[Event "spring tournament"]
[Site "SchemingMind.com"]
[Date "2014.04.02"]
[Round "-"]
[White "maro"]
[Black "Bengochess"]
[Result "0-1"]
[WhiteCountry "MEX"]
[BlackCountry "BEL"]
[WhiteElo "1429"]
[WhiteRD "55"]
[BlackElo "1910"]
[BlackRD "149"]
[GameID "354258"]

1. e4 g6 2. d4 Bg7 3. Nf3 d6 4. d5 Nf6 5. Bb5+ c6 6. dxc6 bxc6 7. Ba4 Qa5+ 8. Nc3 Nxe4 9. O-O Nxc3 10. bxc3 Qxa4
11. Re1 O-O 12. Rxe7 Bg4 13. Qxd6 Bxf3 14. gxf3 Na6 15. a3 Rad8 16. Qg3 Bxc3 17. Rb1 Qxc2 18. Reb7 Nc5 19. Rb8 Rxb8 20. Rxb8 Qxc1+
21. Kg2 Bg7 22. a4 Ne6 23. Qd6 Qg5+ 24. Kf1 Nf4 25. Rb4 Qg2+ 26. Ke1 Re8+ 27. Kd2 Qxf2+
0-1

[Event "spring tournament"]
[Site "SchemingMind.com"]
[Date "2014.04.02"]
[Round "-"]
[White "Bengochess"]
[Black "maro"]
[Result "1-0"]
[WhiteCountry "BEL"]
[BlackCountry "MEX"]
[WhiteElo "1910"]
[WhiteRD "149"]
[BlackElo "1429"]
[BlackRD "55"]
[GameID "354259"]

1. e4 e5 2. Bc4 d6 3. Nc3 Nf6 4. d3 Be6 5. Bxe6 fxe6 6. Bg5 Be7 7. Nf3 Nh5 8. Qd2 Bxg5 9. Qxg5 Qxg5 10. Nxg5 O-O
11. Nxe6 Rf6 12. Nxc7 Nf4 13. g3 Ne6 14. N3d5 Rf7 15. Nxa8 Ng5 16. f4 exf4 17. gxf4 Nf3+ 18. Ke2 Nh4 19. Nac7 Nd7 20. Raf1 Nf6
21. Nxf6+ Rxf6 22. Nd5
1-0

[Event "spring tournament"]
[Site "SchemingMind.com"]
[Date "2014.04.08"]
[Round "-"]
[White "Transcendent"]
[Black "kenneth m day"]
[Result "0-1"]
[WhiteCountry "ENG"]
[BlackCountry "USA"]
[WhiteElo "1790"]
[WhiteRD "68"]
[BlackElo "1753"]
[BlackRD "49"]
[GameID "354590"]

1. d4 d5 2. Nf3 Nf6 3. c4 e6 4. g3 Be7 5. Bg2 O-O 6. O-O dxc4 7. Qc2 b5 8. Ne5 Nd5 9. Nc3 Bb7 10. Nxb5 a6
11. Nc3 Nd7 12. Nxd7 Qxd7 13. e4 Nb4 14. Qd2 Rab8 15. d5 exd5 16. exd5 Bd6 17. a3 Nd3 18. Be4 Nc5 19. Bg2 Nb3
0-1

[Event "spring tournament"]
[Site "SchemingMind.com"]
[Date "2014.04.08"]
[Round "-"]
[White "kenneth m day"]
[Black "Transcendent"]
[Result "1-0"]
[WhiteCountry "USA"]
[BlackCountry "ENG"]
[WhiteElo "1753"]
[WhiteRD "49"]
[BlackElo "1790"]
[BlackRD "68"]
[GameID "354591"]

1. e4 e6 2. d4 d5 3. Nd2 Nf6 4. e5 Nfd7 5. Bd3 c5 6. c3 Nc6 7. Ne2 Qb6 8. Nf3 cxd4 9. cxd4 f6 10. O-O fxe5
11. Nxe5 Ndxe5 12. dxe5 Bc5 13. Qc2 Nxe5 14. Bxh7 Rf8 15. Bf4 Nf7 16. Bg6 Bd7 17. Qc3 d4 18. Qd3 Bb5 19. Qe4 Bxe2 20. Rfe1 d3
21. Rxe2 dxe2 22. Qxe2 Ke7 23. Re1 Nd8 24. Bg5+ Kd7 25. Rd1+ Kc7 26. Qe5+ Bd6 27. Rc1+ Kd7 28. Qxg7+
1-0

[Event "spring tournament"]
[Site "SchemingMind.com"]
[Date "2014.04.15"]
[Round "-"]
[White "SAMAEL"]
[Black "poisonpawn1"]
[Result "0-1"]
[WhiteCountry "CAN"]
[BlackCountry "ENG"]
[WhiteElo "1752"]
[WhiteRD "56"]
[BlackElo "1794"]
[BlackRD "76"]
[GameID "355482"]

1. Nc3 c5 2. Nf3 e6 3. e3 Nc6 4. Be2 Nf6 5. d3 Be7 6. O-O O-O 7. Bd2 e5 8. h3 d5 9. a3 h6 10. Nh2 d4
11. exd4 cxd4 12. Ne4 Nd5 13. Rb1 f5 14. Ng3 Be6 15. Re1 Qc7 16. Bf3 Rad8 17. Ne2 e4 18. dxe4 fxe4 19. Bg4 Bxg4 20. Nxg4 e3
21. fxe3 dxe3
0-1

[Event "spring tournament"]
[Site "SchemingMind.com"]
[Date "2014.04.15"]
[Round "-"]
[White "poisonpawn1"]
[Black "SAMAEL"]
[Result "1-0"]
[WhiteCountry "ENG"]
[BlackCountry "CAN"]
[WhiteElo "1878"]
[WhiteRD "70"]
[BlackElo "1772"]
[BlackRD "56"]
[GameID "355483"]

1. Nf3 d5 2. g3 Nf6 3. d4 e6 4. c4 Be7 5. Bg2 O-O 6. O-O Nc6 7. b3 Bd7 8. Nc3 dxc4 9. bxc4 a6 10. Rb1 Rb8
11. d5 exd5 12. cxd5 Na7 13. a4 b6 14. e4 h6 15. e5 Nh7 16. Qe2 Bc8 17. a5 b5 18. Be3 c5 19. d6 Bg5 20. Bxc5 Qd7
21. h4 Bd8 22. Nd4 Bxa5 23. Nd5 Kh8 24. Bxa7 Qxa7 25. Nc6
1-0

[Event "spring tournament"]
[Site "SchemingMind.com"]
[Date "2014.04.12"]
[Round "-"]
[White "grabapawn"]
[Black "alexyongpohweng"]
[Result "1-0"]
[WhiteCountry "USA"]
[BlackCountry "MAS"]
[WhiteElo "1612"]
[WhiteRD "64"]
[BlackElo "1303"]
[BlackRD "45"]
[GameID "355585"]

1. e4 e5 2. Nf3 d6 3. Nc3 c6 4. d4 exd4 5. Nxd4 Nf6 6. Bd3 Be7 7. Bg5 O-O 8. Qe2 c5 9. Nf5 Bxf5 10. exf5 Nbd7
11. O-O-O h6 12. Bh4 Re8 13. Rhe1 Bf8 14. Qf3 Rb8 15. Nd5 Be7 16. Bg3 Nxd5 17. Qxd5 Nf6 18. Qb3 d5 19. Bb5 Rf8 20. c4 d4
21. Bxb8 Qxb8 22. Rxe7 a6 23. Ba4 b5 24. cxb5 axb5 25. Qxb5 Qc8 26. Rde1 Kh7 27. R1e5 Ng8 28. Re8 Rxe8 29. Rxe8 Qxf5 30. Bc2
1-0

[Event "spring tournament"]
[Site "SchemingMind.com"]
[Date "2014.04.12"]
[Round "-"]
[White "alexyongpohweng"]
[Black "grabapawn"]
[Result "0-1"]
[WhiteCountry "MAS"]
[BlackCountry "USA"]
[WhiteElo "1294"]
[WhiteRD "47"]
[BlackElo "1610"]
[BlackRD "63"]
[GameID "355586"]

1. e4 c5 2. d3 Nc6 3. Nf3 e5 4. Be2 Nf6 5. O-O d5 6. exd5 Nxd5 7. c4 Nf4 8. Bxf4 exf4 9. Qd2 Bd6 10. Ne1 Bf5
11. f3 Qe7 12. Nc3 O-O 13. g4 Bg6 14. Nd1 Rae8 15. Nc3 Nd4 16. Rf2 Qg5 17. Rg2 a6 18. a3 Nb3 19. Qd1 Nd4 20. Ne4 Bxe4
21. fxe4 Re5 22. Nf3 Nxf3+ 23. Bxf3 Rfe8 24. Qb3 R8e7 25. Qd1 Qh4 26. Qe1 Qf6 27. h4 h6 28. b3 b5 29. cxb5 axb5 30. Rc1 g6
31. Rh2 Kg7 32. Qa5 b4 33. axb4 cxb4 34. Kf2 Rxa5
0-1

[Event "spring tournament"]
[Site "SchemingMind.com"]
[Date "2014.04.14"]
[Round "-"]
[White "bluerabbit"]
[Black "Ronald R. Nurmi"]
[Result "1/2-1/2"]
[WhiteCountry "NZL"]
[BlackCountry "USA"]
[WhiteElo "1739"]
[WhiteRD "83"]
[BlackElo "1715"]
[BlackRD "76"]
[GameID "356682"]

1. e4 d5 2. exd5 Qxd5 3. Nc3 Qd6 4. d4 Nf6 5. Nf3 c6 6. Bd3 Bg4 7. Be3 e6 8. Qe2 Be7 9. Ne4 Nxe4 10. Bxe4 Nd7
11. O-O-O Nf6 12. Bd3 Nd5 13. h3 Nxe3 14. Qxe3 Bxf3 15. Qxf3 Bf6 16. c3 O-O-O 17. Be4 Kb8 18. Rd3 Qe7 19. Qd1 h6 20. Qb3 Ka8
21. f4 Qc7 22. g3 Be7 23. c4 Rd7 24. Kb1 Rhd8 25. Rhd1 Bf6 26. Qc3 c5 27. b4 Rxd4 28. Rxd4 Rxd4 29. Rxd4 Bxd4 30. Qb3 cxb4
31. Qxb4 Qb6 32. a3 Bc5 33. Qxb6 Bxb6=
1/2-1/2

[Event "spring tournament"]
[Site "SchemingMind.com"]
[Date "2014.04.14"]
[Round "-"]
[White "Ronald R. Nurmi"]
[Black "bluerabbit"]
[Result "1-0"]
[WhiteCountry "USA"]
[BlackCountry "NZL"]
[WhiteElo "1725"]
[WhiteRD "77"]
[BlackElo "1765"]
[BlackRD "89"]
[GameID "356683"]

1. d4 d5 2. Bf4 Nf6 3. e3 e6 4. Nd2 Bd6 5. Bg3 Bxg3 6. hxg3 c6 7. Bd3 Nbd7 8. f4 Qa5 9. g4 c5 10. c3 O-O
11. g5 Ne8 12. Bxh7+ Kh8 13. Qh5 Nef6 14. gxf6 Nxf6 15. Qh4
1-0

[Event "spring tournament"]
[Site "SchemingMind.com"]
[Date "2014.04.19"]
[Round "-"]
[White "jerryface"]
[Black "gatoss"]
[Result "1-0"]
[WhiteCountry "USA"]
[BlackCountry "ITA"]
[WhiteElo "1775"]
[WhiteRD "102"]
[BlackElo "1435"]
[BlackRD "58"]
[GameID "357051"]

1. e4 c5 2. Nf3 d6 3. Bc4 Nc6 4. O-O e6 5. d4 cxd4 6. Nxd4 d5 7. exd5 exd5 8. Nxc6 bxc6 9. Bb3 Nf6 10. c4 Bc5
11. Qe2+ Be6 12. cxd5 Nxd5 13. Qc2 Qd6 14. Nd2 O-O 15. Ne4 Nb4 16. Qxc5 Qxc5 17. Nxc5 Bxb3 18. Nxb3 Nc2 19. Rb1 Nb4 20. a3 Nd3
21. Be3 Rab8 22. Na5 c5 23. Rfd1 Nxb2 24. Rd5 Na4 25. Rxb8 Rxb8 26. h4 h6 27. Bxc5 Nxc5 28. Rxc5 Rb1+ 29. Kh2
1-0

[Event "spring tournament"]
[Site "SchemingMind.com"]
[Date "2014.04.19"]
[Round "-"]
[White "gatoss"]
[Black "jerryface"]
[Result "0-1"]
[WhiteCountry "ITA"]
[BlackCountry "USA"]
[WhiteElo "1480"]
[WhiteRD "60"]
[BlackElo "1947"]
[BlackRD "126"]
[GameID "357052"]

1. d4 d5 2. c4 e6 3. Nc3 Nf6 4. e3 c5 5. Nf3 cxd4 6. Nxd4 Bb4 7. Bd2 Nc6 8. Nxc6 bxc6 9. a3 Bd6 10. Bd3 Qc7
11. g3 Ba6 12. b3 dxc4 13. Bxc4 Bxc4 14. bxc4 O-O 15. O-O Rfd8 16. a4 a5 17. Ne2 Bb4 18. Bxb4 axb4 19. Rb1 Rxd1 20. Rfxd1 Rxa4
21. Rd2 Ne4 22. Rdb2 c5 23. f3 Nd6
0-1

[Event "spring tournament"]
[Site "SchemingMind.com"]
[Date "2014.04.28"]
[Round "-"]
[White "Simon Green"]
[Black "Clive Everill"]
[Result "0-1"]
[WhiteCountry "ENG"]
[BlackCountry "CZE"]
[WhiteElo "1624"]
[WhiteRD "56"]
[BlackElo "1723"]
[BlackRD "54"]
[GameID "357491"]

1. d4 d5 2. e3 Nf6 3. Bd3 c5 4. c3 Nc6 5. f4 g6 6. Nf3 Bf5 7. O-O Bxd3 8. Qxd3 c4 9. Qc2 Bg7 10. Qe2 O-O
11. Nbd2 a5 12. Ne5 Na7 13. a4 b5 14. axb5 Nxb5 15. Ndf3 Ne4 16. Ng5 Bxe5 17. Nxe4 Bxd4 18. exd4 dxe4 19. Qxe4 Nd6 20. Qe3 Nf5
21. Qh3 Qb6 22. g4 Nd6 23. f5 gxf5 24. gxf5 Kh8 25. f6 Rg8+ 26. Kf2 Ne4+ 27. Ke2 Nxf6 28. Qf5 Rg2+ 29. Kd1 Qb3+ 30. Ke1 Qc2
31. Qxc2 Rxc2 32. h4 Rg8 33. Rxa5 Rxc1+ 34. Ke2 Rg2+
0-1

[Event "spring tournament"]
[Site "SchemingMind.com"]
[Date "2014.04.28"]
[Round "-"]
[White "Clive Everill"]
[Black "Simon Green"]
[Result "1-0"]
[WhiteCountry "CZE"]
[BlackCountry "ENG"]
[WhiteElo "1723"]
[WhiteRD "54"]
[BlackElo "1624"]
[BlackRD "56"]
[GameID "357492"]

1. e4 e6 2. d4 d5 3. Nd2 Nf6 4. e5 Nfd7 5. c3 c5 6. Bd3 c4 7. Bc2 Nc6 8. Ne2 Be7 9. O-O O-O 10. f4 f5
11. exf6 Nxf6 12. Ng3 b5 13. Nf3 h6 14. Ne5 Nxe5 15. fxe5 Nd7 16. Rxf8+ Nxf8 17. Qg4 Bg5 18. Bxg5 Qxg5 19. Qf3 Bd7 20. Rf1 Be8
21. Qxf8#
1-0

[Event "spring tournament"]
[Site "SchemingMind.com"]
[Date "2014.05.01"]
[Round "-"]
[White "emvarela"]
[Black "Scooter"]
[Result "0-1"]
[WhiteCountry "ARG"]
[BlackCountry "USA"]
[WhiteElo "1766"]
[WhiteRD "50"]
[BlackElo "1755"]
[BlackRD "48"]
[GameID "357510"]

1. e4 c6 2. d4 d5 3. exd5 cxd5 4. c4 Nf6 5. Nc3 e6 6. Nf3 Be7 7. cxd5 Nxd5 8. Nxd5 exd5 9. Bb5+ Bd7 10. Bxd7+ Nxd7
11. O-O O-O 12. Be3 Rc8 13. Rc1 h6 14. Qb3 Nb6 15. Rxc8 Qxc8 16. Rc1 Qb8 17. g3 Rc8 18. Bf4 Bd6 19. Bxd6 Rxc1+
0-1

[Event "spring tournament"]
[Site "SchemingMind.com"]
[Date "2014.04.29"]
[Round "-"]
[White "Scooter"]
[Black "emvarela"]
[Result "0-1"]
[WhiteCountry "USA"]
[BlackCountry "ARG"]
[WhiteElo "1755"]
[WhiteRD "48"]
[BlackElo "1766"]
[BlackRD "50"]
[GameID "357511"]

1. d4 Nf6 2. Nf3 d5 3. Bf4 e6 4. e3 Bd6 5. Bxd6 Qxd6 6. c3 O-O 7. Be2 c5 8. O-O cxd4 9. exd4 Nc6 10. Nbd2 Bd7
11. Bb5 a6 12. Bxc6 bxc6 13. Re1 c5 14. dxc5 Qxc5 15. Nb3 Qd6 16. h3 Bb5 17. Nbd4 Rab8 18. Nxb5 Rxb5 19. b3 Rc8 20. c4 Rbc5
21. Ng5 Qf4 22. Nf3 dxc4 23. bxc4 Rxc4 24. Ne5 Rc2 25. Nf3 Ne4 26. Re2 Rc1 27. Rxc1 Rxc1
0-1

[Event "spring tournament"]
[Site "SchemingMind.com"]
[Date "2014.04.28"]
[Round "-"]
[White "simpet"]
[Black "Amaroun"]
[Result "1-0"]
[WhiteCountry "ENG"]
[BlackCountry "CZE"]
[WhiteElo "1653"]
[WhiteRD "56"]
[BlackElo "1332"]
[BlackRD "127"]
[GameID "357563"]

1. e4 e5 2. Nf3 Nc6 3. Bc4 Qf6 4. d3 d6 5. Nc3 Nge7 6. Bg5 Qg6 7. Nd5 Nxd5 8. Bxd5 Bd7 9. h3 f6 10. Nh4 Qxg5
11. g3 h5 12. Qf3 O-O-O 13. Nf5 Bxf5 14. exf5 Kd7 15. c3 g6 16. Be6+ Ke8 17. fxg6 Qxg6 18. O-O-O Bh6+ 19. Kb1
1-0

[Event "spring tournament"]
[Site "SchemingMind.com"]
[Date "2014.04.28"]
[Round "-"]
[White "Amaroun"]
[Black "simpet"]
[Result "0-1"]
[WhiteCountry "CZE"]
[BlackCountry "ENG"]
[WhiteElo "1332"]
[WhiteRD "127"]
[BlackElo "1653"]
[BlackRD "56"]
[GameID "357564"]

1. e4 e5 2. Nf3 Nc6 3. g3 Nf6 4. Nc3 Bc5 5. Qe2 O-O 6. Bg2 d6 7. Rb1 Bg4 8. d3 Nd4 9. Qd1 Bxf3 10. Bxf3 Nxf3+
11. Qxf3 c6 12. b4 Bd4 13. Bd2 b5 14. Ne2 Bb6 15. Be3 Bxe3 16. Qxe3 Ng4 17. Qf3 Qg5 18. O-O Qh5
0-1

[Event "spring tournament"]
[Site "SchemingMind.com"]
[Date "2014.05.03"]
[Round "-"]
[White "murmac"]
[Black "kjmcgrath"]
[Result "1-0"]
[WhiteCountry "SCO"]
[BlackCountry "USA"]
[WhiteElo "1180"]
[WhiteRD "93"]
[BlackElo "1476"]
[BlackRD "120"]
[GameID "357729"]

1. e4 e6 2. d4 d5 3. exd5 exd5 4. Nf3 Nc6 5. Nc3 Bf5 6. Bd3 Bxd3 7. Qxd3 Nf6 8. Bf4 Qd7 9. O-O-O Be7 10. Ne5 Nxe5
11. Bxe5 O-O 12. h4 Ng4 13. Rdf1 c5 14. f3 Nxe5 15. Qe3 Nc4 16. Qd3 cxd4 17. Qxd4
1-0

[Event "spring tournament"]
[Site "SchemingMind.com"]
[Date "2014.05.04"]
[Round "-"]
[White "kjmcgrath"]
[Black "murmac"]
[Result "0-1"]
[WhiteCountry "USA"]
[BlackCountry "SCO"]
[WhiteElo "1476"]
[WhiteRD "120"]
[BlackElo "1180"]
[BlackRD "93"]
[GameID "357730"]

1. e4 e6 2. Nf3 d5 3. Nc3 Nc6 4. d4 Bd6 5. Bd3 Nge7 6. a3 O-O 7. O-O Bd7 8. e5 Nxd4 9. exd6 cxd6 10. Nxd4 e5
11. Nb3 Nf5 12. Bxf5 Bxf5 13. Nxd5 Qh4 14. Nc7 Rac8 15. Qxd6 Bxc2
0-1

[Event "spring tournament"]
[Site "SchemingMind.com"]
[Date "2014.05.02"]
[Round "-"]
[White "Mitch The Man"]
[Black "JDan"]
[Result "0-1"]
[WhiteCountry "USA"]
[BlackCountry "POL"]
[WhiteElo "1478"]
[WhiteRD "70"]
[BlackElo "1615"]
[BlackRD "61"]
[GameID "357746"]

1. e4 e6 2. e5 d5 3. d4 c5 4. Be3 Qb6 5. b3 Nc6 6. Nf3 Nge7 7. dxc5 Qa5+ 8. c3 Qc7 9. Bb5 a6 10. Bxc6+ Nxc6
11. Bf4 Bxc5 12. O-O O-O 13. b4 Be7 14. Nd4 Nxe5 15. Bxe5 Qxe5 16. Re1 Qf6 17. Nd2 e5 18. N4b3 e4 19. Nd4 Qg6 20. Nc2 Bh3
21. g3 Bg4 22. Qb1 Bf6 23. Nd4 Rac8 24. Qb3 Be6 25. Nf1 h5 26. Nxe6 fxe6 27. Ne3 Bxc3 28. Rac1 Bxe1 29. Rxe1 Qf6 30. Qb2 Qxb2
0-1

[Event "spring tournament"]
[Site "SchemingMind.com"]
[Date "2014.05.02"]
[Round "-"]
[White "JDan"]
[Black "Mitch The Man"]
[Result "1-0"]
[WhiteCountry "POL"]
[BlackCountry "USA"]
[WhiteElo "1615"]
[WhiteRD "61"]
[BlackElo "1478"]
[BlackRD "70"]
[GameID "357747"]

1. e4 e5 2. Nf3 d6 3. d4 Qe7 4. d5 a6 5. Bg5 f6 6. Be3 Nh6 7. Bxh6 gxh6 8. Nc3 Bg7 9. Nh4 O-O 10. Qf3 Qf7
11. Nf5 Bxf5 12. exf5 Nd7 13. O-O-O b5 14. g4 Rfe8 15. Ne4 Rab8 16. h4 Kh8 17. Bd3 Qxd5 18. Kb1 Qc6 19. Rhg1 Re7 20. Qe3 Rb7
21. g5 hxg5 22. hxg5 Qb6 23. gxf6 Qxe3 24. fxg7+ Rxg7 25. fxe3 Rf7 26. Rdf1 Nf6 27. Ng5 Re7 28. Ne6 Rb8 29. Rg5 Rg8 30. Rxg8+ Kxg8
31. Rg1+ Kh8 32. c4 e4 33. Be2 c6 34. cxb5 cxb5 35. Rc1 Kg8 36. Rc6 h6 37. Rxa6 d5 38. Bxb5
1-0

[Event "spring tournament"]
[Site "SchemingMind.com"]
[Date "2014.05.02"]
[Round "-"]
[White "renegade"]
[Black "spoke"]
[Result "1-0"]
[WhiteCountry "ENG"]
[BlackCountry "GER"]
[WhiteElo "1783"]
[WhiteRD "136"]
[BlackElo "1802"]
[BlackRD "77"]
[GameID "357774"]

1. f4 d5 2. Nf3 Nc6 3. d4 Bg4 4. e3 Nf6 5. Nbd2 e6 6. h3 Bh5 7. Bb5 Bb4 8. a3 Bxd2+ 9. Bxd2 Ne4 10. g4 Bg6
11. h4 h6 12. Ne5 O-O 13. Nxc6 bxc6 14. Bxc6 Rb8 15. Bb4 Nd6 16. Qe2 Be4 17. Rh2 Rb6 18. Ba4 Qb8 19. O-O-O a5 20. Bxa5 Rxb2
21. Bb4 Nc4 22. Bb3 Nxa3 23. Bxa3 Rxb3 24. cxb3
1-0

[Event "spring tournament"]
[Site "SchemingMind.com"]
[Date "2014.05.02"]
[Round "-"]
[White "spoke"]
[Black "renegade"]
[Result "1-0"]
[WhiteCountry "GER"]
[BlackCountry "ENG"]
[WhiteElo "1802"]
[WhiteRD "77"]
[BlackElo "1783"]
[BlackRD "136"]
[GameID "357775"]

1. e4 c5 2. Nf3 Nc6 3. d4 e6 4. d5 exd5 5. exd5 Qe7+ 6. Be2 Nb4 7. a3 Na6 8. O-O b6 9. Bxa6 Bxa6 10. Re1 O-O-O
11. Rxe7 Nxe7 12. Bg5 f6 13. Bh4 Nf5 14. b4 d6 15. c3 g5 16. Bg3 Bh6 17. Qa4 Bb7 18. Qxa7 Kc7 19. bxc5 bxc5 20. Qxc5+ Kd7
21. Qb5+ Kc8 22. Nbd2 g4 23. Qd3 Nxg3 24. hxg3= gxf3 25. Nxf3 Rd7 26. a4 Kc7 27. a5 Ra8 28. Qb5 Ra6 29. Rb1 Kc8 30. Qxd7+ Kxd7
31. Rxb7+ Ke8 32. Rxh7 Bf8 33. Nd4 Rxa5 34. Ne6 Be7 35. Rh4 Kd7 36. c4 f5 37. Rf4 Ra4 38. g4 fxg4 39. Rxg4 Bf6 40. Re4 Be5
41. f4 Bf6 42. g4 Ra8 43. g5 Rg8 44. Kf2 Be7 45. Kf3 Ke8 46. Re1 Kf7 47. Rh1 Kg6 48. Rh6+ Kf7 49. Rh7+ Ke8 50. Ng7+ Kf8
51. Nf5 Bd8 52. Nxd6 Rg6 53. Ne4 Kg8 54. Rd7 Ba5 55. c5
1-0

[Event "spring tournament"]
[Site "SchemingMind.com"]
[Date "2014.05.09"]
[Round "-"]
[White "logiske"]
[Black "mochiron"]
[Result "1-0"]
[WhiteCountry "BEL"]
[BlackCountry "JPN"]
[WhiteElo "1817"]
[WhiteRD "86"]
[BlackElo "1439"]
[BlackRD "84"]
[GameID "357918"]

1. e4 c6 2. d4 d5 3. exd5 cxd5 4. Nf3 Bf5 5. Bf4 e6 6. c3 Nf6 7. Bb5+ Nc6 8. Qa4 Be7 9. Bxc6+ bxc6 10. Qxc6+ Nd7
11. Ne5 O-O 12. Qxd7 Qxd7 13. Nxd7 Rfd8 14. Ne5 Bf6 15. Nd2 h6 16. O-O Be4 17. Nxe4 Bxe5 18. Bxe5 f6 19. Nxf6+ gxf6 20. Bxf6 Rf8
21. Be5 a5 22. a4 Rf5 23. f4 Ra7 24. Rf3 Rb7 25. Rb1 Kf8 26. Rh3 Rh7 27. b4 axb4 28. cxb4 Rff7 29. b5 Rc7 30. Bxc7 Rxc7
31. b6 Rb7 32. Rxh6
1-0

[Event "spring tournament"]
[Site "SchemingMind.com"]
[Date "2014.05.09"]
[Round "-"]
[White "mochiron"]
[Black "logiske"]
[Result "0-1"]
[WhiteCountry "JPN"]
[BlackCountry "BEL"]
[WhiteElo "1424"]
[WhiteRD "80"]
[BlackElo "1785"]
[BlackRD "93"]
[GameID "357919"]

1. f4 d5 2. Nf3 Nf6 3. e3 Nc6 4. Be2 Bg4 5. O-O h5 6. Ne5 Bxe2 7. Qxe2 Qd6 8. d4 Ne4 9. Nc3 f6 10. Ng6 Rh6
11. Nxf8 Kxf8 12. Nxe4 dxe4 13. g3 h4 14. g4 Kg8 15. g5 Rg6 16. Bd2 fxg5 17. fxg5 Rxg5+ 18. Kh1 h3 19. Rf4 Qg6 20. Qc4+ e6
21. Qe2 Rg2 22. Qf1 Rxd2 23. Qxh3 Qh6 24. Rh4 Qf6 25. Rh8+ Kf7 26. Rxa8 Rf2 27. Qh5+ Ke7 28. Re8+ Kd7 29. Rg1 Rf5 30. Qh8 Rf1
31. d5 Qf3#
0-1

[Event "spring tournament"]
[Site "SchemingMind.com"]
[Date "2014.05.04"]
[Round "-"]
[White "bobbassbone"]
[Black "Arthur Wilding"]
[Result "1-0"]
[WhiteCountry "ENG"]
[BlackCountry "WLS"]
[WhiteElo "1601"]
[WhiteRD "63"]
[BlackElo "1263"]
[BlackRD "65"]
[GameID "357924"]

1. d4 d5 2. Bf4 Nf6 3. e3 Bg4 4. Be2 Bxe2 5. Qxe2 e6 6. c3 Bd6 7. Bxd6 cxd6 8. Nf3 Nc6 9. Qb5 Rb8 10. Nbd2 O-O
11. O-O Qc7 12. Qd3 Ne7 13. h3 Nc6 14. g4 g6 15. g5 Nd7 16. h4 a6 17. Kg2 Rbe8 18. Rh1 b5 19. h5 Ne7 20. hxg6 Nxg6
21. Rh6 e5 22. Qf5 Nb6 23. Rah1 f6 24. Nh4 Qg7 25. Nxg6 Rf7 26. Kf1 hxg6 27. Rxg6 Qxg6 28. Qxg6+ Kf8 29. gxf6
1-0

[Event "spring tournament"]
[Site "SchemingMind.com"]
[Date "2014.05.04"]
[Round "-"]
[White "Arthur Wilding"]
[Black "bobbassbone"]
[Result "0-1"]
[WhiteCountry "WLS"]
[BlackCountry "ENG"]
[WhiteElo "1263"]
[WhiteRD "65"]
[BlackElo "1601"]
[BlackRD "63"]
[GameID "357925"]

1. d4 c6 2. e3 d5 3. Nc3 Nf6 4. Bd3 Bg4 5. Be2 Bxe2 6. Ngxe2 e6 7. O-O Nbd7 8. f3 Bb4 9. Bd2 O-O 10. a3 Bxc3
11. Bxc3 c5 12. Ng3 cxd4 13. exd4 Rc8 14. Re1 Qc7 15. Qd3 b6 16. a4 Qc4 17. Qxc4 Rxc4 18. a5 b5 19. Ne2 a6 20. b3 Rc6
21. g4 h6 22. Rac1 Rfc8 23. Ba1 Rxc2 24. Rxc2 Rxc2 25. Kg2 Nb8 26. Kg3 Nc6 27. Bc3 b4 28. Ba1 Nxa5 29. Nc1 Nc6 30. Rd1 Nxd4
31. Bxd4 Nd7 32. Nd3 Kf8 33. Nf4 e5 34. Nxd5 exd4 35. Rxd4 a5 36. Ne3 Rc3 37. Rxd7 Rxe3 38. Ra7 Rxb3 39. Rxa5 Rb1 40. h4 b3
41. Rb5 b2 42. Kf2 Ke7 43. Ke2 Rh1 44. Rb7+ Kd6
0-1

[Event "spring tournament"]
[Site "SchemingMind.com"]
[Date "2014.05.05"]
[Round "-"]
[White "mmccaffe"]
[Black "Kenny Elliott"]
[Result "0-1"]
[WhiteCountry "USA"]
[BlackCountry "USA"]
[WhiteElo "1694"]
[WhiteRD "63"]
[BlackElo "1546"]
[BlackRD "67"]
[GameID "357963"]

1. d4 d5 2. c4 c6 3. Nf3 Bg4 4. e3 Nf6 5. Be2 g6 6. Qc2 Bg7 7. h3 Bf5 8. Bd3 Bxd3 9. Qxd3 O-O 10. Nc3 Nbd7
11. c5 b6 12. cxb6 axb6 13. O-O e6 14. Bd2 c5 15. Rfc1 Qb8 16. dxc5 Nxc5 17. Qe2 Nfe4 18. Be1 Na4 19. Nxa4 Rxa4 20. Bc3 Nxc3
21. bxc3 Rc4 22. Nd4 Rfc8 23. Qd2 e5 24. Ne2 b5 25. Qxd5 Rd8 26. Qf3 e4 27. Qg3 Be5 28. f4 exf3 29. Qxf3 Rd3 30. Nd4 Rcxc3
31. Rxc3 Rxc3 32. Qd5 Rxe3 33. Qxb5 Qxb5 34. Nxb5 Bxa1
0-1

[Event "spring tournament"]
[Site "SchemingMind.com"]
[Date "2014.05.06"]
[Round "-"]
[White "Kenny Elliott"]
[Black "mmccaffe"]
[Result "1-0"]
[WhiteCountry "USA"]
[BlackCountry "USA"]
[WhiteElo "1558"]
[WhiteRD "67"]
[BlackElo "1676"]
[BlackRD "58"]
[GameID "357964"]

1. d4 Nf6 2. c4 g6 3. Nc3 Bg7 4. Bg5 O-O 5. Nf3 d6 6. g3 Nbd7 7. Bg2 Qe8 8. O-O e5 9. dxe5 Nxe5 10. Nxe5 Qxe5
11. Bf4 Qe7 12. Qb3 c6 13. Rad1 Rd8 14. Rd2 Rb8 15. Qa3 Be6 16. Rxd6 Rxd6 17. Bxd6 Qd8 18. Bxb8 Qxb8 19. Qe7 Bxc4 20. Rd1 Be6
21. Rd8+
1-0

[Event "spring tournament"]
[Site "SchemingMind.com"]
[Date "2014.05.14"]
[Round "-"]
[White "Clive Everill"]
[Black "grabapawn"]
[Result "1-0"]
[WhiteCountry "CZE"]
[BlackCountry "USA"]
[WhiteElo "1724"]
[WhiteRD "54"]
[BlackElo "1614"]
[BlackRD "62"]
[GameID "358303"]

1. e4 c5 2. Nf3 Nc6 3. Bb5 a6 4. Bxc6 bxc6 5. O-O Nf6 6. d3 d6 7. Nc3 Bg4 8. h3 Bh5 9. Bg5 Qc7 10. Nb1 h6
11. Bh4 Rb8 12. b3 g5 13. Bg3 g4 14. hxg4 Bxg4 15. Nbd2 Bg7 16. Rb1 Nh5 17. Bh2 e5 18. Qe1 Nf4 19. Nh4 Qd7 20. f3 Nh3+
21. Kh1 Nf4 22. fxg4 O-O 23. Nf5 Ne6 24. Nc4 f6 25. Nfxd6 h5 26. gxh5 Bh6 27. Qg3+ Qg7 28. Qxg7+ Kxg7 29. Nf5+ Kh7 30. Rf3 Bf4
31. g3 Bg5 32. g4 Nd4 33. Rf2 Ne6 34. Na5 Rb6 35. Nd6 Nf4 36. Nac4 Rbb8 37. Rf3 Rbd8 38. Nb7 Rd7 39. Nxc5 Re7 40. Nxa6 Ra7
41. Nb4 c5 42. Nc6 Rxa2 43. Ne3 Rfa8 44. b4 Ra1 45. Rff1 R1a2 46. b5 Rc8 47. b6 Rxc6 48. b7
1-0

[Event "spring tournament"]
[Site "SchemingMind.com"]
[Date "2014.05.14"]
[Round "-"]
[White "grabapawn"]
[Black "Clive Everill"]
[Result "1-0"]
[WhiteCountry "USA"]
[BlackCountry "CZE"]
[WhiteElo "1614"]
[WhiteRD "62"]
[BlackElo "1724"]
[BlackRD "54"]
[GameID "358304"]

1. e4 d5 2. exd5 Qxd5 3. Nc3 Qa5 4. a3 e5 5. Nf3 c6 6. Bc4 Bg4 7. h3 Bh5 8. g4 Bg6 9. Qe2 Bd6 10. d3 Ne7
11. O-O Nd7 12. Rb1 h6 13. b4 Qxa3 14. Bxa3 Nb6 15. Bb3 h5 16. Ng5 hxg4 17. Qxg4 Bf5 18. Bxf7+ Kd8 19. Qe2 Kd7 20. d4 exd4
21. Be6+ Bxe6 22. Qxe6+ Kc7 23. Nce4 Rh6 24. Qf7 Rah8 25. Nxd6 Kxd6 26. b5+ c5 27. Ne4+ Kd7 28. Bxc5 Nd5 29. Bxe7 Nxe7 30. Nc5+ Kd8
31. Rfd1 Rxh3 32. Nxb7+ Kc8 33. Nd6+ Kd7 34. Nf5 Rh1+ 35. Kg2 R8h2+ 36. Kf3 Rh3+ 37. Ke2 Rxd1 38. Qxe7+ Kc8 39. Nd6+
1-0